Kraje z największą ilością świń 1/2 - Statystyki

Ogólne statystyki
  • Ten quiz został rozwiązany 45 razy
  • Średni wynik to 17 z 25
Statystyki odpowiedzi
Ilość Kraj % Poprawnych
11 215 500 Polska
98%
310 554 329 Chiny
93%
13 510 000 Francja
90%
26 053 400 Niemcy
90%
23 726 560 Rosja
90%
78 657 600 Stany Zjednoczone
88%
40 556 892 Brazylia
85%
31 246 040 Hiszpania
85%
6 025 300 Ukraina
85%
9 055 488 Indie
83%
14 399 339 Kanada
78%
8 510 270 Włochy
78%
18 365 289 Meksyk
75%
9 156 000 Japonia
70%
11 921 000 Holandia
63%
6 085 100 Belgia
58%
19 615 526 Wietnam
58%
11 279 894 Korea Południowa
55%
8 922 654 Indonezja
50%
8 001 217 Nigeria
50%
7 869 597 Tajlandia
45%
12 728 000 Dania
40%
12 709 248 Filipiny
33%
21 603 718 Mjanma
33%
7 283 584 Malawi
0%
Nie znaleziono quizów pasujących do podanych kryteriów
Rozkład punktacji
Procent ludzi z każdym wynikiem
Percentyl według liczby udzielonych odpowiedzi
Twoja historia wyników
Nie rozwiązałeś tego quizu